Ekonomika stavebníctva časopis so zameraním na ekonomiku odvetví stavebníctva

Saved in:
Bibliographic Details
Format: Serial
Language:Slovak
Published: Bratislava Alfa 1980
Tags: Add Tag
No Tags, Be the first to tag this record!

MARC

LEADER 00000nas2a22000001 4500
001 s123539
005 20250730114221.0
041 0 |a slo 
044 |a SK 
245 1 0 |a Ekonomika stavebníctva  |b časopis so zameraním na ekonomiku odvetví stavebníctva 
264 1 |a Bratislava  |b Alfa  |c 1980 
300 |a 1 zv. 
773 0 |w eu_un_cat*s121061